Дело о происшествиях по Витебской губернии

Доступно только в Электронных читальных залах Найти на картеНа карте
RUSMARC
00003696nmc2a22000003x 450
00144c7fbc4-44bc-41bf-ac2b-cf37624c4e83
00520200306145511.0
100##$a20180911l18661867k l0rusy0189 ca
1010#$arus
102##$aRU
2001#$aДело о происшествиях по Витебской губернии
$j12 февраля 1866 г. - 26 января 1867 г.
$hЧасть 1
251##$cДело
300##$aДело
801#0$aRU
$bРГИА
$c20180911
$gRCR
801#1$aRU
$bГлавНИВЦ
$c20180911
$2rusmarc
801#2$aRU
$bПБ им. Б.Н. Ельцина
$c20200306
$gRCR
$2rusmarc
850##$aРГИА
852##$aРГИА
$eФедеральное казенное учреждение "Российский государственный исторический архив" (РГИА)
$j1235
937##$hРГИА
$d12293182
$aASBIBLIO_SCAN
462#0$1001d8f9f7d4-b5a2-42ce-9901-502471366df6
$12001
$aДела Департамента полиции исполнительной МВД за 1866 год
$1251
$cОпись
$1852
$j27
$l1866 г.
461#0$10013e300ed0-cd39-49af-8489-5ba5b90fa401
$12001
$aДепартамент полиции исполнительной МВД
$1251
$cФонд
$1852
$j1286
215##$a132 л.
$d36,5х26 см
371##$aДокумент не является опубликованным и широко распространяемым
105##$ay###
1222#$ad
035##$a44c7fbc4-44bc-41bf-ac2b-cf37624c4e83
856##$uhttp://readingroom.main.prlib.ru/item.aspx?id_node=n143263166&mode=full
Формат отображения